[Event "FIDE Chesscom Grand Swiss 2021"]
[Site "Riga"]
[Date "2021.10.28"]
[Round "2.30"]
[White "Shirov, Alexei"]
[Black "Adly, Ahmed"]
[Result "1-0"]
[WhiteElo "2659"]
[BlackElo "2602"]
[Annotator "TA"]
[PlyCount "73"]
[EventDate "2021.10.27"]
[EventType "swiss"]
[EventCountry "LAT"]
[Tiebreak "Cut1 Buchholz+Sonneborn-Berger (Swiss)"]
[SourceTitle "playchess.com"]
[Source "ChessBase"]
[SourceQuality "1"]

{[%evp 24,73,37,37,31,0,0,0,0,0,0,0,0,0,0,0,0,0,0,-31,-21,-25,127,115,284,267,
403,385,356,374,353,263,256,256,256,256,249,249,350,340,340,340,431,428,431,
431,431,431,458,441,434,440]} 1. e4 c5 2. Nf3 d6 3. d4 cxd4 4. Nxd4 Nf6 5. Nc3
Nc6 6. Bg5 e6 7. Qd2 a6 8. O-O-O Bd7 9. f4 Be7 10. Nf3 b5 11. Bxf6 gxf6 12. Bd3
Qb6 13. Kb1 O-O-O {B69: Sicilian: Richter-Rauzer: 7...a6 8 0-0-0 Bd7 9 f4 Be7
10 Nf3 b5 11 Bxf6.} 14. a4 $5 {[%cal Ra4b5][%mdl 4] Exploring less charted
territory.} b4 {[#]} 15. Nd5 $146 ({Predecessor:} 15. Ne2 Kb8 16. Rhf1 Bc8 17.
f5 d5 18. fxe6 fxe6 19. exd5 Rxd5 20. Nf4 Rd6 21. Qe2 {1-0 (42) Klovans,J 
(2470)-Scheipl,R (2250) Dresden 1999}) 15... exd5 {The position is equal.} 16.
exd5 Nb8 17. Rhe1 Rde8 18. a5 $1 {[%cal Ra5b6]} Qxa5 19. Re4 {Threatens to win
with Rc4+.} Bd8 $1 20. Rxb4 Bc7 21. Nd4 {Strongly threatening Nb3.} Qxd5 {
White must now prevent ...Re7.} 22. Qc3 Qxg2 $2 (22... Qh5 $11 23. Rf1 Be6 24.
Nxe6 fxe6) 23. Nf5 $1 $16 {[%cal Rf5d6] Nxd6+ is the strong threat.} Re6 {
[#] This move loses the game for Black.} (23... Bc6 $16 {was necessary.}) 24.
Be4 $1 $18 {[%cal Re4g2][%mdl 512]} Qg4 (24... Qe2 $142 25. Nxd6+ (25. Bf3 Qf2
$18) 25... Rxd6 26. Rxd6 Bb5 27. Bf5+ (27. Rxf6 Re8 $16) 27... Kb7 28. Be4+ Kc8
29. Bf5+ (29. Rxf6 Re8 $16) 29... Kb7 30. Be4+ Kc8) 25. Nxd6+ $1 Rxd6 ({
Wrong is} 25... Kd8 $2 26. Bf3 $1 $18) 26. Rxd6 Bb5 27. Qc5 ({Resist} 27. Rxf6
Qg1+ 28. Ka2 Rd8 $18) 27... Nd7 {[#]} 28. Rxd7 {[%mdl 576] Deflection} Bxd7 {
[#]} (28... Qxd7 $2 {too greedy.} 29. Bf5 $18) 29. Rc4 $1 $40 {[%csl Gc4][%cal
Rc5c7][%mdl 128] Black is in trouble.} Qxf4 {[#] And now ...Kd8 would win.} 30.
Bb7+ $1 {[%mdl 512]} Kxb7 (30... Kd8 $142) 31. Rxf4 Bxf4 32. Qb4+ Kc8 {Hoping
for ...Be5.} 33. Qxf4 {White is clearly winning.} Be6 34. Qxf6 Rd8 {[%cal
Rd8d1]} 35. b3 h5 36. Qc3+ Kb7 37. Qf3+ {Weighted Error Value: White=0.06/
Black=0.38} 1-0

[Event "FIDE Chesscom Grand Swiss 2021"]
[Site "Riga"]
[Date "2021.10.28"]
[Round "2.31"]
[White "Indjic, Aleksandar"]
[Black "Anton Guijarro, David"]
[Result "1/2-1/2"]
[WhiteElo "2612"]
[BlackElo "2658"]
[Annotator "TA"]
[PlyCount "144"]
[EventDate "2021.10.27"]
[EventType "swiss"]
[EventCountry "LAT"]
[Tiebreak "Cut1 Buchholz+Sonneborn-Berger (Swiss)"]
[SourceTitle "playchess.com"]
[Source "ChessBase"]
[SourceQuality "1"]

{[%evp 11,144,-6,0,0,4,-8,-15,-33,-8,-8,-11,-7,-34,-53,-21,-28,-17,-20,-22,-16,
-18,-56,-66,-125,-4,-20,-14,-26,0,0,15,-35,-32,-32,-31,-35,-34,-46,-37,-39,-42,
-45,-36,-77,-76,-77,-64,-93,-87,-88,-87,-87,-87,-87,0,0,0,0,0,0,0,0,0,-119,0,0,
0,0,0,0,30,0,0,0,0,0,0,0,0,0,0,0,0,0,29,5,8,8,8,8,8,8,8,8,8,8,8,8,8,8,8,0,0,0,
0,0,0,0,0,0,0,0,0,0,0,0,0,0,0,0,0,0,0,0,0,0,8,0,0,0,0,0,0,0,0]} 1. d4 d5 2. Nf3
e6 3. Bf4 Bd6 4. e3 Nf6 5. Nbd2 O-O 6. Ne5 c5 7. c3 {D02: 1 d4 d5 2 Nf3
sidelines, including 2...Nf6 3 g3 and 2...Nf6 3 Bf4.} c4 8. g4 Nc6 9. g5 Bxe5
10. Bxe5 {[#]} Nd7 $146 ({Predecessor:} 10... Nxe5 11. dxe5 Nd7 12. Nf3 Qc7 13.
Qd4 b5 14. h4 Rb8 15. Bh3 b4 16. O-O bxc3 17. bxc3 {1/2-1/2 (43) Blazsik,Z 
(2034)-Polyak,I (2204) Hungary 2009}) 11. Bd6 Re8 12. Nf3 e5 (12... Qb6 {
is more complex.} 13. h4 e5 14. dxe5 Qxb2 15. Rc1 Ndxe5 16. Nxe5 Nxe5 17. Bxe5
Rxe5 18. Bxc4 Bf5) 13. dxe5 Ndxe5 (13... Qb6 {looks sharper.} 14. Qd2 Ndxe5 15.
Nxe5 Nxe5 16. Bxe5 Rxe5 17. h4 Bf5) 14. Bxe5 Nxe5 15. Nxe5 Rxe5 16. Bxc4 Qxg5
17. Be2 {[#]} (17. Bf1 $15) 17... Qh4 (17... Bh3 $1 $17 18. Bf1 Qh4) 18. Qd4
$11 Re4 19. Qd2 Bd7 (19... Bf5 {is interesting.} 20. Bf3 Rd8 21. h3 Rc4 22. Rd1
d4) 20. Bf3 Bg4 21. Bxg4 Qxg4 22. Qe2 Qe6 23. a3 Rc8 24. Qd3 g6 25. O-O-O Rc5
26. Rhg1 Rh4 27. Rh1 a5 28. Kb1 b5 29. f3 Rhc4 30. Rhe1 b4 31. cxb4 axb4 32. e4
{[%cal Re4d5]} Qa6 ({Black should play} 32... d4 $17 {Strongly threatening ...
Qa6.} 33. Rc1 bxa3 34. Qxa3 Qb6 35. Rxc4 Rxc4) 33. exd5 bxa3 ({Much weaker is} 
33... Rc1+ 34. Ka2 $16) 34. Qxa3 Qxa3 35. bxa3 {[%mdl 4096] Endgame KRR-KRR}
Rb5+ 36. Ka1 Rc3 {[%cal Rc3a3] [#]} 37. Re8+ Kg7 {[%cal Rc3a3][%mdl 1024]
Black has strong compensation.} 38. Ra8 Rbb3 39. Ka2 Rb7 40. Rd2 Rd7 (40...
Rxf3 {is more complex.} 41. d6 Rd7 42. Kb2 Rf5 43. a4 Rc5) 41. Ra6 Rxf3 42. a4
Rc3 43. Rb6 f5 44. Rb3 Rc5 45. Rb5 Rc4 46. Kb3 Rc1 47. a5 Kf6 48. Rb6+ Ke7 {
The position is equal.} 49. Kb4 f4 50. a6 {next Re2+ is good for White.} f3 51.
Re6+ Kd8 52. Rf6 {Hoping for d6.} Rb1+ $1 53. Kc5 {aiming for d6.} Rc7+ 54. Kd4
{Threatens to win with d6.} Rb4+ 55. Ke3 Rc3+ $1 56. Kf2 Rg4 {( -> ...Rg2+)}
57. Rxf3 Rxf3+ 58. Kxf3 {KR-KR} Ra4 59. Rb2 {And now Rb6 would win.} Rxa6 60.
Ke4 h5 61. Ke5 Kd7 62. Rb7+ Kd8 63. Rg7 Ke8 64. h4 Ra4 65. Rxg6 (65. Ke6 {
keeps more tension.} Re4+ 66. Kf6 Rxh4 67. Rxg6 Re4 68. Rh6) 65... Rxh4 66. Kd6
Rd4 67. Re6+ (67. Rg1 {with more complications.} h4 68. Re1+ Kf7 69. Ke5 Rd3
70. d6) 67... Kf7 68. Kc6 h4 69. Re1 Rc4+ 70. Kb5 Rd4 71. Kc6 Rc4+ 72. Kb5 Rd4
{Weighted Error Value: White=0.07/Black=0.08} 1/2-1/2

[Event "FIDE Chesscom Grand Swiss 2021"]
[Site "Riga"]
[Date "2021.10.28"]
[Round "2.32"]
[White "Rakhmanov, Aleksandr"]
[Black "Henriquez Villagra, Cristobal"]
[Result "0-1"]
[WhiteElo "2657"]
[BlackElo "2608"]
[Annotator "TA"]
[PlyCount "174"]
[EventDate "2021.10.27"]
[EventType "swiss"]
[EventCountry "LAT"]
[Tiebreak "Cut1 Buchholz+Sonneborn-Berger (Swiss)"]
[SourceTitle "playchess.com"]
[Source "ChessBase"]
[SourceQuality "1"]

{[%evp 9,174,3,25,4,4,1,0,0,0,0,2,0,0,7,2,-11,22,25,28,14,22,15,13,-3,0,-8,-4,
-9,0,-8,12,6,6,5,16,-19,-16,-16,-14,-31,-35,-35,-36,-62,0,0,0,0,0,-12,-22,-25,
-8,-16,0,0,0,-23,-17,-26,-19,-26,0,0,0,0,0,0,0,0,0,-16,-16,-28,-16,-29,-26,-36,
-36,-37,-37,-57,-57,-55,-2,-37,-12,-12,-10,-16,-25,-20,-10,-10,-10,-28,-25,-42,
-42,-64,-64,-71,-57,-61,-37,-51,-37,-71,-46,-64,-37,-37,-37,-80,-80,-152,-152,
-1029,-709,-822,-1214,-1197,-1197,-1172,-1172,-1092,0,-1096,-1071,-766,-2359,
-2299,-653,-3487,-1754,-1458,-5132,-5285,-3919,-6524,-6215,-29968,-29969,-6412,
-3306,-29970,-29970,-29973,-29974,-29974,-29975,-29975,-29976,-29976,-29977,
-29977,-29978,-29978,-29979,-29979,-29980,-29980,-29981,-29980,-29981,-29982,
-29983]} 1. c4 Nf6 2. Nc3 g6 3. g3 Bg7 4. Bg2 O-O 5. d3 d6 6. h3 {A16: English
Opening: 1...Nf6 with ...d5.} c5 7. e3 Nc6 8. Nge2 {The position is equal.} Bd7
9. b3 Rb8 10. Bb2 a6 {[#]} 11. Qd2 $146 ({Predecessor:} 11. O-O b5 12. Qd2 Nb4
13. Rfd1 Qb6 14. Nf4 e5 15. Nfd5 Nbxd5 16. Nxd5 Nxd5 17. cxd5 {1/2-1/2 (34)
Velikov,P (2416)-Djukic,N (2551) Sunny Beach 2013}) 11... b5 12. Rd1 Nb4 13.
O-O Ne8 14. Ba1 Nc6 15. f4 f5 16. Nd5 Bxa1 17. Rxa1 e6 18. Ndc3 Nf6 19. Rae1
Ne7 20. e4 Qc7 21. Qe3 b4 22. Nb1 e5 23. Nd2 Rbe8 24. fxe5 dxe5 25. Nf3 Qd6 26.
Nh4 fxe4 (26... Kh8 $15) 27. dxe4 $11 Nc6 28. Qg5 Kh8 29. Rf2 Ng8 30. Ref1 {
Hoping for Nxg6+!} Rxf2 31. Rxf2 Rf8 32. Rxf8 Qxf8 33. Qd2 Be6 34. Nc1 Nf6 35.
Nd3 Kg7 36. Qe3 Nd7 37. Nf5+ Kh8 38. g4 a5 ({Don't play} 38... gxf5 $6 39. exf5
Bxf5 40. gxf5 $16 (40. Bxc6 Bxd3 41. Qxd3 Nf6 $14)) 39. Nb2 Bg8 ({But not} 
39... gxf5 $6 40. exf5 Qd6 41. fxe6 $16) 40. Nh4 Nd4 41. Nf3 Nxf3+ 42. Bxf3 g5
43. Kf2 h6 44. Qd3 Nb8 45. Nd1 Nc6 46. Ne3 {With the idea Qd7.} Qd8 (46... Nd4
$15 47. Nd5 Be6) 47. Nd5 Be6 48. Bd1 Kg7 49. Ke1 Bf7 50. Qg3 Bg6 51. Bc2 Qd6
52. Bd3 Nd4 53. Qf2 Be8 54. Bc2 Qf8 {And now ...Qxf2+ would win.} 55. Bd1 Qxf2+
56. Kxf2 $17 {[%mdl 4096] Endgame KBN-KBN} Bc6 57. Ke3 Kf7 58. Nc7 Ke7 59. Nd5+
Ke6 60. Kf2 Kf7 61. Ke3 Ne6 {White is now going downhill.} 62. Kd3 (62. Kf3
$142) 62... Nf4+ 63. Nxf4 $2 (63. Kd2 $17) 63... exf4 {KB-KB} ({Less strong is
} 63... gxf4 64. h4 $15) 64. Bf3 Ke6 65. Bg2 Ke5 66. Bf3 Be8 67. Bd1 Bc6 68.
Bf3 a4 69. bxa4 Bxa4 70. Be2 Bd7 (70... Bc6 $142 71. Bf3 Bd7) 71. Bf3 Bc6 72.
Bg2 Be8 73. Bf3 Bg6 74. Bg2 h5 75. Bf3 h4 76. Bg2 Be8 77. Bf3 Bc6 {Black mates.
} 78. Bg2 Ba4 79. Bf3 b3 80. axb3 Bxb3 81. Be2 Ba2 82. Kc2 Kxe4 83. Kb2 {[#]}
Ke3 $1 84. Bf1 {[#]} Kf2 $1 85. Bd3 {[#]} Kg2 $1 86. Kxa2 Kxh3 87. Kb3 Kg3 {
Weighted Error Value: White=0.08/Black=0.08} 0-1

[Event "FIDE Chesscom Grand Swiss 2021"]
[Site "Riga"]
[Date "2021.10.28"]
[Round "2.33"]
[White "Sindarov, Javokhir"]
[Black "Cori, Jorge"]
[Result "1/2-1/2"]
[WhiteElo "2587"]
[BlackElo "2655"]
[Annotator "TA"]
[PlyCount "59"]
[EventDate "2021.10.27"]
[EventType "swiss"]
[EventCountry "LAT"]
[Tiebreak "Cut1 Buchholz+Sonneborn-Berger (Swiss)"]
[SourceTitle "playchess.com"]
[Source "ChessBase"]
[SourceQuality "1"]

{[%evp 10,59,19,14,25,25,25,28,32,22,18,31,32,0,24,14,23,21,45,26,31,27,41,12,
18,17,23,21,26,9,68,60,63,63,68,59,62,0,0,0,0,0,0,0,0,0,0,0,0,0,0,0]} 1. e4 c6
2. Nc3 d5 3. Nf3 Bg4 4. h3 Bxf3 5. Qxf3 e6 6. Be2 Nd7 {B11: Caro-Kann: Two
Knights Variation.} 7. d4 dxe4 8. Nxe4 Ngf6 {White has an edge.} 9. Nd2 Be7 10.
O-O O-O 11. Rd1 {[#]} a5 $146 ({Predecessor:} 11... Nb6 12. Nf1 a5 13. a4 Nbd5
14. b3 Re8 15. Bb2 Bf8 16. Rd2 Nd7 17. Rad1 Qf6 {1/2-1/2 (90) Bethke,R (2332)
-Haba,P (2447) Berlin 2021}) 12. a4 Nb6 13. c3 Qd5 14. Qd3 Rfd8 15. Nf3 Qe4 16.
Qe3 c5 17. Bd3 Qxe3 18. fxe3 Nfd7 19. Bb5 f5 (19... Nf6 $11) 20. Re1 $14 Bf6
21. e4 fxe4 22. Rxe4 cxd4 23. Nxd4 (23. cxd4 $14 Nf8 24. b3) 23... Nc5 $11 {
The position is equal.} 24. Re1 Bxd4+ 25. cxd4 Nb3 {[%mdl 64] [#] Double Attack
} 26. Rb1 Nxd4 27. Be3 Nxb5 28. Bxb6 Rd6 29. Bf2 Nd4 30. Bxd4 {Weighted Error
Value: White=0.09/Black=0.09} 1/2-1/2

[Event "FIDE Chesscom Grand Swiss 2021"]
[Site "Riga"]
[Date "2021.10.28"]
[Round "2.34"]
[White "Najer, Evgeniy"]
[Black "Jobava, Baadur"]
[Result "1-0"]
[WhiteElo "2654"]
[BlackElo "2582"]
[Annotator "TA"]
[PlyCount "77"]
[EventDate "2021.10.27"]
[EventType "swiss"]
[EventCountry "LAT"]
[Tiebreak "Cut1 Buchholz+Sonneborn-Berger (Swiss)"]
[SourceTitle "playchess.com"]
[Source "ChessBase"]
[SourceQuality "1"]

{[%evp 10,77,54,35,76,76,77,85,76,75,76,64,68,70,71,82,92,91,113,104,149,158,
183,150,233,232,200,169,149,148,166,131,204,191,246,239,247,250,240,230,234,
237,216,219,218,208,239,221,226,228,260,234,280,282,266,271,289,290,273,270,
310,208,675,619,814,798,760,699,602,602]} 1. e4 e5 2. Nf3 Nc6 3. d4 exd4 4.
Nxd4 Bb4+ 5. c3 Be7 6. Bc4 d6 {C45: Scotch Game.} 7. Nxc6 bxc6 8. Qb3 Nf6 {
White is better.} 9. Bxf7+ $40 {[%mdl 128] White wants a kill.} Kf8 10. Be6
Nxe4 {White must now prevent ...Nc5.} 11. Bxc8 Qxc8 12. O-O Nc5 13. Qc2 {[#]}
Qg4 $146 ({Predecessor:} 13... Qe6 14. Be3 Nd7 15. Nd2 Kf7 16. Rfe1 Bf6 17. Nf3
Ne5 18. Nxe5+ dxe5 19. Rad1 Rhd8 20. Rxd8 Rxd8 {1-0 (31) Manca,F (2397)-Tan,J 
(2448) Budapest 2017}) 14. Be3 Ne6 15. Nd2 Re8 16. h3 Qg6 (16... Qh5 $16 {
was worth a try.} 17. Bxa7 c5) 17. Qa4 $18 c5 18. Qxa7 Kf7 19. Qb7 Qf5 20. g4
Qd3 (20... Qg6 $16) 21. Rad1 h5 {[#]} (21... Rhf8 {might work better.}) 22. Ne4
$1 Nd8 23. Ng5+ (23. Rxd3 Nxb7 24. Bf4 Nd8 $16) 23... Kg8 24. Qb3+ ({Weaker is
} 24. Rxd3 Nxb7 25. Ne4 hxg4 $16) (24. Qxc7 $6 Qg6) 24... c4 25. Qa4 ({Don't do
} 25. Rxd3 $6 cxb3 26. axb3 hxg4) 25... Qg6 26. Qxc4+ {[%mdl 64] Double Attack}
Kf8 {[#]} 27. Qe4 $1 Rh6 (27... Qxe4 28. Nxe4) 28. Rd5 hxg4 29. Qxg4 ({But not
} 29. hxg4 $6 Nf7) 29... Bf6 30. Rf5 {Strongly threatening Nh7+!} Nc6 {Black
wants to play ...Ne5.} 31. Nf3 Ne7 {[#]} 32. Rxf6+ Qxf6 (32... gxf6 33. Bxh6+)
33. Bxh6 gxh6 34. Re1 Rb8 35. Re4 {And now Rf4! would win.} Nd5 (35... Qg6 36.
Qxg6 Nxg6) 36. c4 {White is clearly winning.} h5 37. Qxh5 Nf4 {[#]} 38. Rxf4 $1
{[%mdl 64] Deflection} Qxf4 39. Qh8+ {Weighted Error Value: White=0.09/Black=0.
39} 1-0

[Event "FIDE Chesscom Grand Swiss 2021"]
[Site "Riga"]
[Date "2021.10.28"]
[Round "2.35"]
[White "Goryachkina, Aleksandra"]
[Black "Oparin, Grigoriy"]
[Result "0-1"]
[WhiteElo "2602"]
[BlackElo "2654"]
[Annotator "TA"]
[PlyCount "62"]
[EventDate "2021.10.27"]
[EventType "swiss"]
[EventCountry "LAT"]
[Tiebreak "Cut1 Buchholz+Sonneborn-Berger (Swiss)"]
[SourceTitle "playchess.com"]
[Source "ChessBase"]
[SourceQuality "1"]

{[%evp 15,62,4,20,8,12,10,18,10,20,21,20,23,40,21,15,9,8,8,16,13,15,0,4,0,0,0,
0,0,0,0,0,0,26,32,60,0,13,0,7,-393,-402,-385,-380,-354,-347,-550,-558,-540,
-526]} 1. c4 Nf6 2. Nc3 c5 3. Nf3 e6 4. g3 b6 5. Bg2 Bb7 6. O-O Be7 7. Re1 d5
8. cxd5 Nxd5 {8...Nxd5 is better than 8...exd5.} 9. d4 {A30: Symmetrical
English: Double Fianchetto and Hedgehog.} cxd4 10. Qa4+ Nd7 11. Nxd5 {The
position is equal.} ({Reject} 11. Qxd4 Bf6 $15) 11... Bxd5 12. Nxd4 {Nc6 is
the strong threat.} O-O 13. Nc6 Nc5 14. Nxe7+ (14. Qc2 {seems wilder.} Bxc6 15.
Bxc6 Rc8 16. Rd1 Qc7 17. Bg2) 14... Qxe7 15. Qa3 Bxg2 16. Kxg2 {[#]} e5 $146 ({
Predecessor:} 16... Qb7+ 17. f3 Qa6 18. Qxa6 Nxa6 19. Bd2 Rfd8 20. Red1 f6 21.
Be1 Kf7 22. Rxd8 Rxd8 {1/2-1/2 (34) Lorparizangeneh,S (2515)-Ovchinnikov,V 
(2380) St Petersburg 2017}) 17. Be3 Qb7+ 18. Kg1 Ne6 19. Rac1 f5 20. Qb3 Rae8
21. Rc4 Kh8 22. f3 f4 23. Bf2 fxg3 24. hxg3 Ng5 {[%cal Rf8f3] White must now
prevent ...Rxf3!} 25. Qe3 (25. Be3 $14 Rxf3 26. Rg4 (26. exf3 Nxf3+ {[%mdl 64]
Double Attack} 27. Kf2 Nxe1 $14)) 25... h6 26. Rh4 {Strongly threatening Qxg5.}
Kg8 27. Rf1 $2 {[%mdl 8192] [#] Now White is beyond hope.} (27. Qb3+ $11 Qf7
28. Qxf7+ Rxf7 29. Be3) 27... Rxf3 $1 $19 {[%mdl 512]} 28. Qc1 {[#]} Ref8 $1
29. Qc4+ Kh8 30. Rh5 (30. Qc1 {was worth a try.} R3f5 31. Qe3) 30... R3f6 31.
Rh4 Qd7 {Weighted Error Value: White=0.47/Black=0.06} 0-1

[Event "FIDE Chesscom Grand Swiss 2021"]
[Site "Riga"]
[Date "2021.10.28"]
[Round "2.36"]
[White "Sevian, Samuel"]
[Black "Bartel, Mateusz"]
[Result "1-0"]
[WhiteElo "2654"]
[BlackElo "2597"]
[Annotator "TA"]
[PlyCount "87"]
[EventDate "2021.10.27"]
[EventType "swiss"]
[EventCountry "LAT"]
[Tiebreak "Cut1 Buchholz+Sonneborn-Berger (Swiss)"]
[SourceTitle "playchess.com"]
[Source "ChessBase"]
[SourceQuality "1"]

{[%evp 9,87,22,19,21,34,5,-5,-12,20,-17,0,0,40,28,32,42,65,48,47,61,65,55,66,
27,114,151,117,135,147,126,140,141,139,138,135,127,117,100,134,100,97,105,145,
150,137,145,127,119,147,147,147,147,150,131,139,139,113,117,145,91,162,162,159,
161,160,152,186,164,372,380,360,371,358,370,560,304,441,-424,36,33]} 1. c4 c6
2. Nc3 {[%cal Bb1c3,Bc3e4,Be4g3][%mdl 32]} d5 3. d4 dxc4 4. e3 b5 5. a4 b4 6.
Ne4 {D10: Slav Defence: 3 cxd5 (without early Nf3) and 3 Nc3.} Qd5 7. Ng3 {
[%mdl 1024] White has compensation.} Nf6 8. Be2 {The position is equal.} g6 {
[#]} ({Wrong is} 8... Qxg2 $2 9. Bf3 $18) 9. h4 $146 ({Predecessor:} 9. Nf3 Bg7
10. O-O O-O 11. Ne5 Ba6 12. Bd2 c3 13. bxc3 bxc3 14. Bxc3 Bxe2 15. Nxe2 {
1/2-1/2 (31) Korobov,A (2690)-Vallejo Pons,F (2701) Toledo 2021}) 9... Ba6 ({
But not} 9... Qxg2 $2 10. Bf3 $18) 10. h5 g5 ({Don't blunder} 10... Qxg2 $2 11.
Bf3 $18) 11. Nf3 $1 Nbd7 12. b3 c5 13. bxc4 $1 Bxc4 14. e4 $1 {[%cal Re4d5]}
Bxe2 15. Qxe2 Qb7 16. Bxg5 Rg8 (16... cxd4 $1 $11 17. Nxd4 Rg8 18. Bxf6 Nxf6)
17. e5 $1 $16 {[%cal Re5f6]} Nd5 18. e6 $36 {[%mdl 2048] White has strong
initiative.} fxe6 19. Qxe6 N5f6 20. Bxf6 Nxf6 21. dxc5 Qd5 22. Qa6 Qxc5 {[#]}
23. O-O $1 {Rfc1 is the strong threat.} Qb6 (23... Rd8 24. Rfe1) 24. Qe2 Rxg3
25. a5 Qc5 {And now ...Rg4 would win.} 26. Rfc1 Rxg2+ 27. Kxg2 Qxh5 {[#]} 28.
Rc4 $1 Rd8 29. Rxb4 Nd5 30. Rh4 Qf5 31. Qe4 Qxe4 32. Rxe4 Bg7 33. Rh1 h6 34.
Nh4 (34. Rg4 $142 Kf7 35. Nd4 Bxd4 36. Rxd4) 34... Rd6 (34... Bc3 $16) 35. Nf5
$18 Rg6+ 36. Kf1 Bc3 37. Rh3 {aiming for Rd3.} e6 38. Ne3 {Hoping for Nxd5.}
Ne7 (38... Kd7 39. a6 Kd6) 39. Nc4 Nd5 40. Rd3 {Black must now prevent Rxd5.}
Kd7 {[#]} 41. Ne3 $1 Kd6 (41... Bg7 {is a better defense.} 42. Nxd5 exd5 43.
Rxd5+ Kc6) 42. f3 Rf6 (42... Bg7 $142 43. Ke2 Kc5) 43. Nf5+ $4 {[%mdl 8192]}
exf5 $2 (43... Rxf5 $19 44. a6 e5) 44. Rc4 $1 {[%cal Rc4c3] Weighted Error
Value: White=0.30/Black=0.51} 1-0

[Event "FIDE Chesscom Grand Swiss 2021"]
[Site "Riga"]
[Date "2021.10.28"]
[Round "2.37"]
[White "Volokitin, Andrei"]
[Black "Van Foreest, Lucas"]
[Result "1/2-1/2"]
[WhiteElo "2652"]
[BlackElo "2543"]
[Annotator "TA"]
[PlyCount "105"]
[EventDate "2021.10.27"]
[EventType "swiss"]
[EventCountry "LAT"]
[Tiebreak "Cut1 Buchholz+Sonneborn-Berger (Swiss)"]
[SourceTitle "playchess.com"]
[Source "ChessBase"]
[SourceQuality "1"]

{[%evp 14,105,0,0,0,0,0,0,0,0,20,16,27,27,25,22,27,16,16,16,16,16,16,16,16,16,
31,23,50,36,44,0,43,58,38,32,32,24,20,0,74,74,106,106,122,122,122,122,122,106,
106,75,120,114,122,121,121,114,122,106,106,79,120,106,106,106,116,0,106,77,114,
114,121,121,121,121,121,121,124,95,106,106,106,106,133,106,106,106,133,106,106,
106,106,106]} 1. e4 e5 2. Nf3 Nf6 3. d4 Nxe4 4. Bd3 d5 5. Nxe5 Nd7 6. Nc3 Nxc3
7. bxc3 Nxe5 8. dxe5 Bc5 {C43: Petroff Defence: 3 d4.} 9. O-O $1 {The main
line 9.0-0 scores better than 9.Qh5.} O-O 10. Qh5 {[%csl Gd3][%cal Rh5h7]} g6
$1 {[%cal Rg6h5] The position is equal.} 11. Qh6 Re8 12. Bg5 Bf8 13. Bxd8 Bxh6
14. Bxc7 Bf5 {[#]} 15. Bxf5 $146 ({Predecessor:} 15. Rab1 Bxd3 16. cxd3 Rac8
17. Bd6 b6 18. Rb5 Rxc3 19. Rxd5 Rd8 20. f4 Bf8 21. Kf2 {1/2-1/2 (66) Vachier
Lagrave,M (2751)-Dominguez Perez,L (2758) Chess24.com INT 2021}) 15... gxf5 16.
Rfd1 Rac8 17. Bd6 Rxc3 18. Rxd5 Rxc2 19. a4 Rec8 20. g3 Kg7 21. Ra3 Rd2 22.
Rad3 (22. Rc5 {looks sharper.} Rxc5 23. Bxc5 b6 24. Bd6 f4 25. Kg2) 22... Rxd3
23. Rxd3 $11 {[%mdl 4096] Endgame KRB-KRB} Bg5 24. a5 Rd8 25. a6 bxa6 26. Ra3 {
Threatens to win with f4.} Rd7 (26... Rc8 $11) 27. Rxa6 $16 Bd8 {[#]} 28. Bc5
$1 Rd5 29. Bxa7 Ra5 30. Rxa5 Bxa5 {KB-KB} 31. Bd4 Kg6 32. Kf1 Bb4 33. Ke2 Ba5
34. Ke3 h5 35. Bc5 Bc3 36. Kf4 Bd2+ 37. Be3 Bb4 38. Bd4 Bd2+ {[#]} 39. Kf3 $1
Bb4 40. Ke3 Ba5 $1 41. Kd3 Bb4 42. Kc4 Ba5 43. Be3 Bc7 44. Kd5 Ba5 45. Bd4 Be1
46. h3 Ba5 47. Kc4 Be1 48. Kd3 Ba5 49. Ke3 Bb4 50. Bb6 Bc3 51. Kf4 Bd2+ 52. Be3
Bc3 53. Bc5 {Weighted Error Value: White=0.09/Black=0.12} 1/2-1/2